Statistika pro vnitřní obchod

Saved in:
Bibliographic Details
Main Author: Novák, Ilja
Corporate Author: Vysoká škola ekonomická v Praze. Národohospodářská fakulta
Format: Book
Language:Czech
Published: Praha Státní pedagogické nakladatelství 1983
Tags: Add Tag
No Tags, Be the first to tag this record!

MARC

LEADER 00000nam a2200000 4500
001 c134219
005 20190506132858.2
041 0 |a cze 
044 |a CZ 
245 1 0 |a Statistika pro vnitřní obchod  |c Ilja Novák 
264 1 |a Praha  |b Státní pedagogické nakladatelství  |c 1983 
300 |a 248 s. 
100 1 |a Novák, Ilja 
710 2 |a Vysoká škola ekonomická v Praze. Národohospodářská fakulta